Statistics for BTS song by the english translation

Click here to take the quiz!

General Stats

  • This quiz has been taken 198 times
  • The average score is 6 of 15

Answer Stats

HintAnswer% Correct
Past the end of this cold winterSpring day
85%
Hakuna MatataBoy in luv
70%
My heart is torn, please burn it insteadOutro: tear
59%
We are totally different, babyDNA
56%
My last dance too, take it awayBlood sweat and tears
46%
I wear my mask again and go to see youThe truth untold
46%
All I know is how to love youRun
36%
You're hypocriteNo more dream
35%
Crying out a silent cryBlack swan
34%
On days I want to disappear foreverMagic shop
31%
You can pick and choose me, yeahFilter
28%
Not so perfect but so beautifulEpiphany
27%
Throw stones at meWe are bulletproof: The eternal
27%
Whether it's a guy or a girl...Cypher pt.3
25%
I came to my senses and I found myself hereinterlude: Shadow
4%

Score Distribution

Percentile by Number Answered

Percent of People with Each Score

Your Score History

You have not taken this quiz